| 000 | 00739-am-a2200193-a-4500 | ||
|---|---|---|---|
| 001 | 000214348 | ||
| 003 | AM-YeHGA | ||
| 005 | 20250617124220.0 | ||
| 008 | 991219s1987 xxu 000 0 rus u | ||
| 020 | _c02.00 | ||
| 040 | _aAM-YeHGA | ||
| 100 | 1 | 0 | _aАмирджанянц, Феликс Ашотович |
| 245 | 1 | 0 |
_aЭффективность стандартизации : _b(Практическое пособие по расчетам) / _cФ.А. Амирджанянц и др. |
| 260 | 0 |
_aМосква : _bИзд-во стандартов, _c1987. |
|
| 300 | _a328 с. | ||
| 650 | 4 | _aТехника организации и управления | |
| 700 | 1 | _aРабинович, Берг Давыдович | |
| 090 | _c76257 | ||
| 999 |
_c75029 _d75029 |
||